| 000 | 00510cac a22001691u 4500 | ||
|---|---|---|---|
| 090 | _c9382 | ||
| 008 | 090112t 2004xxu||||| |||| 00| 0 eng d | ||
| 020 | _a0750654872 | ||
| 082 |
_a346.41092 _bLOA |
||
| 100 | _aLoader, David. | ||
| 245 |
_aRegulation and compliance in operations / _cDavid Loader |
||
| 260 |
_aOxford : _b Butterworth-Heinemann, _c2004 |
||
| 300 |
_a182 p. ; _c24cm. |
||
| 650 |
_aCompliance auditing _934870 |
||
| 710 | _aSecurities Institute | ||
| 942 |
_cBB _k346.41092LOA _2ddc |
||
| 999 |
_c9382 _d9382 |
||